Statistics for World Mountains - Tallest by Latitude/Longitude block

Click here to take the quiz!

General Stats

  • This quiz has been taken 48 times
  • The average score is 8 of 87

Answer Stats

LAT/LONG MOUNTAIN % Correct
15-30 N - 60-90 EMount Everest (8848 - np)
98%
30-45 N - 60-90 EK2 (8611 - pk)
86%
45-60 N - 0-30 EMont Blanc (4810 - fr)
76%
0-15 S - 30-60 EKilimanjaro (5895 - tz)
71%
60-75 N - 150-180 WMount McKinley (6194 - us)
69%
30-45 S - 60-90 WCerro Aconcagua (6959 - ar)
67%
60-75 N - 120-150 WMount Logan (5959 - ca)
40%
15-30 N - 150-180 WMauna Kea (4147 - us)
38%
30-45 S - 150-180 EMount Cook (3754 - nz)
36%
45-60 N - 0-30 WBen Nevis (1344 - gb)
29%
45-60 N - 30-60 EMount Ararat (5165 - tr)
21%
15-30 N - 0-30 WPico de Teide (3718 - es)
19%
30-45 S - 120-150 EMount Kosciusko (2228 - au)
19%
30-45 N - 90-120 WMount Elbert (4397 - us)
19%
30-45 N - 60-90 WMount Mitchell (2037 - us)
19%
15-30 N - 90-120 WVolcan Pico de Orizaba (5636 - mx)
17%
30-45 N - 120-150 WMount Shasta (4299 - us)
12%
0-15 N - 0-30 EMont Stanley (5109 - cd)
10%
15-30 S - 60-90 WCerro Ojos del Salado (6891 - cl)
7%
45-60 N - 120-150 WMount Fairweather (4620 - us)
7%
0-15 N - 90-120 EMount Kinabalu (4095 - my)
7%
60-75 N - 0-30 EGaldhopiggen (2469 - no)
5%
45-60 N - 60-90 WBaxter Peak (1603 - us)
5%
45-60 N - 90-120 WMount Robson (3954 - ca)
5%
30-45 N - 0-30 WJebel Toubkal (4167 - ma)
5%
0-15 N - 60-90 WPico Simon Bolivar (5775 - co)
5%
0-15 S - 120-150 EMount Wilhelm (4509 - pg)
2%
45-60 S - 60-90 EBig Ben (2745 - hm)
2%
75-90 N - 0-30 ENewtontoppen (1713 - sj)
2%
60-75 N - 60-90 EGora Payyer (1472 - ru)
0%
75-90 N - 60-90 WMount Whisler (2500 - ca)
0%
45-60 N - 150-180 EGora Ostryy Tolbachik (3672 - ru)
0%
75-90 N - 60-90 EGora Pirat (858 - ru)
0%
45-60 N - 150-180 WShishaldin Volcano (2783 - us)
0%
0-15 N - 30-60 ERas Dejen (4620 - et)
0%
45-60 N - 30-60 WKangersivasiip Qaqqaa (1206 - gl)
0%
45-60 N - 60-90 EGora Alagordy (4622 - kz)
0%
75-90 N - 30-60 EGora SGE (1547 - ru)
0%
45-60 N - 90-120 EOtgon Tenger Uul (4008 - mn)
0%
45-60 S - 0-30 WMount Hodson (1005 - gs)
0%
45-60 S - 150-180 EMount Cargill (680 - nz)
0%
60-75 N - 30-60 WMont Forel (3383 - gl)
0%
60-75 N - 90-120 EGora Polkan (951 - ru)
0%
45-60 S - 30-60 WMount Paget (2933 - gs)
0%
0-15 N - 30-60 WMount Hillaby (340 - bb)
0%
45-60 S - 60-90 WCerro San Valentin (4058 - cl)
0%
60-75 N - 60-90 WMount Thule (1711 - ca)
0%
60-75 N - 0-30 WRigny Bjerg (2385 - gl)
0%
60-75 N - 120-150 EGora Pobeda (3003 - ru)
0%
0-15 N - 150-180 EMount Dolohmwar (791 - fm)
0%
60-75 N - 150-180 EGora Khachikhachan (1009 - ru)
0%
0-15 N - 120-150 EMount Apo (2954 - ph)
0%
60-75 N - 30-60 EGora Manaraga (1820 - ru)
0%
45-60 N - 120-150 EGora Gorod-Makit (2298 - ru)
0%
0-15 S - 90-120 EGunung Kerinci (3805 - id)
0%
0-15 N - 60-90 EAnai Mudi (2695 - in)
0%
15-30 S - 30-60 EInyangani (2991 - zw)
0%
0-15 S - 60-90 WCerro Pariamachay (6759 - pe)
0%
15-30 N - 120-150 EYu Shan (3952 - tw)
0%
0-15 S - 30-60 WPico Alto (1114 - br)
0%
15-30 N - 30-60 EKuh-e Hezar (4465 - ir)
0%
0-15 S - 150-180 WMount Siope (1813 - ws)
0%
15-30 N - 60-90 WChaine de la Selle (2680 - ht)
0%
15-30 N - 90-120 ENamjagbarwa Feng (7782 - cn)
0%
0-15 S - 150-180 EMount Popomanaseu (2335 - sb)
0%
15-30 S - 0-30 EThabana Ntlenyana (3482 - ls)
0%
15-30 S - 120-150 EMount Bartle Frere (1622 - au)
0%
15-30 S - 120-150 WMont Orohena (2241 - pf)
0%
15-30 S - 150-180 ETomanivi (1324 - fj)
0%
15-30 S - 150-180 WTe Manga (653 - ck)
0%
15-30 S - 30-60 WPico da Bandeira (2890 - br)
0%
30-45 S - 90-120 EMount Many Peaks (565 - au)
0%
15-30 S - 60-90 EMont Limon (398 - mu)
0%
15-30 S - 90-120 EHollisters Mount (95 - au)
0%
30-45 N - 0-30 ELes Ecrins (4101 - fr)
0%
30-45 N - 120-150 EKita-dake (3193 - jp)
0%
30-45 N - 30-60 EKuh-e Kalu Farangi (5642 - ir)
0%
0-15 N - 0-30 WLoma Mansa (1945 - sl)
0%
0-15 S - 0-30 WThe Peak (859 - sh)
0%
30-45 N - 90-120 ENyainqentanglha Feng (7162 - cn)
0%
0-15 S - 0-30 EMont Mohi (3480 - cd)
0%
30-45 S - 0-30 EMatroosberg (2249 - za)
0%
30-45 S - 0-30 WMount Argus (178 - sh)
0%
0-15 N - 90-120 WCerro Tecun Uman (2650 - gt)
0%
30-45 S - 30-60 WCerro Catedral (514 - uy)
0%
15-30 N - 0-30 EEmi Koussi (3415 - td)
0%
75-90 N - 90-120 EGora Krepost' (689 - ru)
0%

Score Distribution

Percentile by Number Answered

Percent of People with Each Score

Your Score History

You have not taken this quiz